Chemische Elemente, die nicht auf -ium enden - Statistiken

Allgemein
  • Dieses Quiz wurde 456 mal gespielt
  • Das Durchschnittsergebnis liegt bei 31 aus 47
Antwortstatistiken
# Element % Korrekt
1 Wasserstoff
95%
79 Gold
94%
8 Sauerstoff
90%
47 Silber
89%
30 Zink
87%
50 Zinn
86%
26 Eisen
85%
92 Uran
85%
5 Bor
84%
6 Kohlenstoff
84%
35 Brom
83%
10 Neon
83%
53 Jod
82%
7 Stickstoff
82%
18 Argon
81%
54 Xenon
81%
9 Fluor
79%
17 Chlor
78%
82 Blei
75%
80 Quecksilber
75%
29 Kupfer
73%
86 Radon
73%
16 Schwefel
72%
78 Platin
64%
28 Nickel
63%
15 Phosphor
63%
74 Wolfram
63%
36 Krypton
62%
22 Titan
61%
25 Mangan
60%
33 Arsen
59%
58 Cer
59%
24 Chrom
56%
34 Selen
55%
27 Cobalt
52%
41 Niob
49%
52 Tellur
44%
85 Astat
43%
42 Molybdän
43%
83 Bismut
42%
73 Tantal
41%
51 Antimon
40%
118 Oganesson
40%
57 Lanthan
36%
60 Neodym
31%
117 Tenness
30%
59 Praseodym
25%
Keine übereinstimmenden Quizze gefunden
Verteilung der Resultate
Anzahl Personen mit jedem Resultat
Perzentil nach korrekt beantworteten Fragen
Ihre Resultats-Entwicklung
Sie haben dieses Quiz noch nicht gespielt